| 000 | 00560nam a2200205Ia 4500 | ||
|---|---|---|---|
| 005 | 20260429112200.0 | ||
| 008 | 260429s9999||||xx |||||||||||||| ||und|| | ||
| 020 | _a9789386677259 | ||
| 041 | _aEnglish | ||
| 082 |
_a382.0954 _bDHI |
||
| 100 | _aDhingra, Ishwar C. | ||
| 245 | 0 |
_aIndia's global economic relations in 21st century / _cIshwar C. Dhingra |
|
| 250 | _a1st ed. | ||
| 260 |
_aNew Delhi : _bManakin Press, _c2026. |
||
| 300 | _axiii, 433 p.; hb | ||
| 650 | _a 21st century | ||
| 650 | _a India | ||
| 650 | _aEconomic relations | ||
| 942 | _cTB | ||
| 999 |
_c52767 _d52767 |
||